UM Logo

Fundamentals of accounting : (Record no. 9760)

MARC details
000 -LEADER
fixed length control field 00492nam a22001457a 4500
008 - FIXED-LENGTH DATA ELEMENTS--GENERAL INFORMATION
fixed length control field 180716b ||||| |||| 00| 0 eng d
020 ## - INTERNATIONAL STANDARD BOOK NUMBER
International Standard Book Number 971-91142-0-7
082 ## - DEWEY DECIMAL CLASSIFICATION NUMBER
Edition number 1989
Classification number DFIL 657
Item number L88
100 ## - MAIN ENTRY--PERSONAL NAME
9 (RLIN) 28949
Personal name Lopez, Rafael M. Jr.
245 ## - TITLE STATEMENT
Title Fundamentals of accounting :
Remainder of title simplified approach & procedures/
Statement of responsibility, etc. Rafael M. Lopez, Jr.
260 ## - PUBLICATION, DISTRIBUTION, ETC. (IMPRINT)
Place of publication, distribution, etc. Davao City
Name of publisher, distributor, etc. G & G Bislig Printers
Date of publication, distribution, etc. ©1989
300 ## - PHYSICAL DESCRIPTION
Extent xii, 356 pages :
Other physical details illustration;
Dimensions 24 cm.
650 #0 - SUBJECT ADDED ENTRY--TOPICAL TERM
9 (RLIN) 28950
Topical term or geographic name as entry element Accounting
942 ## - ADDED ENTRY ELEMENTS (KOHA)
Source of classification or shelving scheme Dewey Decimal Classification
Koha item type Filipiniana
Holdings
Withdrawn status Lost status Source of classification or shelving scheme Damaged status Not for loan Collection code Home library Current library Date acquired Source of acquisition Total Checkouts Full call number Barcode Date last seen Date last checked out Copy number Price effective from Koha item type
    Dewey Decimal Classification     Filipiniana UM Digos College - LIC UM Digos College - LIC 02/12/1999 Purchased 2 DFIL 657 L88 1989 c.3 13705 05/15/2025 08/02/2018 3 07/16/2018 Filipiniana
    Dewey Decimal Classification     Filipiniana UM Digos College - LIC UM Digos College - LIC 10/26/2020 Purchase   DFIL 657 L88 1989 13703 05/15/2025   1 10/26/2020 Filipiniana